El duelo (Record no. 87759)

MARC details
000 -LEADER
campo de control de longitud fija 00666nam a2200205 i 4500
001 - NÚMERO DE CONTROL
campo de control 87759
003 - IDENTIFICADOR DE NÚMERO DE CONTROL
campo de control ES-MaACL
005 - FECHA Y HORA DE LA ÚLTIMA TRANSACCIÓN
campo de control 20230906175732.0
007 - CAMPO FIJO DE DESCRIPCIÓN FÍSICA--INFORMACIÓN GENERAL
campo de control de longitud fija t|
008 - DATOS DE LONGITUD FIJA--INFORMACIÓN GENERAL
campo de control de longitud fija 041223s1923 sp ||||1| spa d
100 1# - ENTRADA PRINCIPAL--NOMBRE DE PERSONA
Nombre de persona Kuprin, Aleksandr Ivanovich.
9 (RLIN) 69049
245 13 - MENCIÓN DEL TÍTULO
Título El duelo
Resto del título : (novela) /
Mención de responsabilidad, etc. Alejandro Kuprin ; traducción y notas de J. Rivas Panedas.
260 ## - PUBLICACIÓN, DISTRIBUCIÓN, ETC.
Lugar de publicación, distribución, etc. Madrid :
Nombre del editor, distribuidor, etc. América,
Fecha de publicación, distribución, etc. [1923] (
Fabricante El Día de Cuenca)
300 ## - DESCRIPCIÓN FÍSICA
Extensión 263 p. ;
Dimensiones 16 cm.
490 1# - MENCIÓN DE SERIE
Mención de serie Biblioteca de autores célebres
700 1# - ENTRADA AGREGADA--NOMBRE PERSONAL
Nombre de persona Rivas Panedas, J.
9 (RLIN) 97587
830 0# - PUNTO DE ACCESO ADICIONAL DE SERIE-TÍTULO UNIFORME
Título uniforme Biblioteca de autores célebres
9 (RLIN) 184044
852 ## - LOCALIZACIÓN
Ubicación ES-MaACL
Número de control de estantería D-5730
Sublocalización o colección R.30555
Holdings
Estatus retirado Estado de pérdida Estado de daño No para préstamo Biblioteca de origen Biblioteca actual Ubicación en estantería Fecha de adquisición Fuente de adquisición Total de préstamos Signatura topográfica completa Código de barras Visto por última vez Precio de reemplazo Tipo de ítem Koha
        Biblioteca del Ateneo de Madrid Biblioteca del Ateneo de Madrid Sala Valle Inclán 17/01/2008     D-5730 901091679 23/02/2023 23/02/2023 Libro impreso